000
00286nam a22001337a 4500
008
170913b xxu||||| |||| 00| 0 eng d
020
_a
0486600564
041
_a
eng
080
_a
53
100
_a
43
101
_a
FIZ
245
_a
MATHEMATICAL PHYSICS
_c
MENZEL,D,H
942
_2
udc
_c
BK
999
_c
27460
_d
27460